000 00480cam a22001934a 4500
005 20250605164304.0
008 250528s ||||||||||||||||||||||||d
035 _a22190
020 _a9781305503939
040 _aGR-AtMCL
_bgre
_dGR-AtMCL
_eAACR2
245 1 _aNEW PERSPECTIVES IN HTML5 AND CSS3: COMPREHENSIVE
250 _a7
260 _bCengage Learning,
_c2016
300 _a808
700 1 _aCarey Patrick
_98057
942 _cBK
999 _c7246
_d7246